000 004680000a22001930004500
003 LK-CoMWRAF
005 20230905231115.0
008 230817t1981 ||||| |||| 00| 0 eng d
020 _a0553246895
040 _aLK-CoMWRAF
_dLK-CoMWRAF
_eLK-CoMWRAF
041 _aeng
082 _a823
_bANG
100 _aAngelou, Maya
245 _aThe Heart of a women
260 _aNew York :
_bBantam Books,
_c1981
300 _a272p
650 _aEnglish Fiction
942 _cBK
999 _c2386
_d2386